Cómo sobrevivir en el aula : guía emocional para docentes /
Este libro pretende dar respuesta a algunas de las inquietudes sobre la consistencia y límites de la profesión docente, partiendo del concepto de riesgo emocional. La alternativa que presenta el autor para la supervivencia en el aula, es la inteligencia emocional, el pleno ejercicio de la libre elec...
Guardado en:
| Hovedforfatter: | |
|---|---|
| Format: | Bog |
| Sprog: | spansk |
| Udgivet: |
España :
ICCE,
2005, c2005
|
| Serier: | (Estrategias Educativas)
|
| Fag: | |
| Tags: |
Ingen Tags, Vær først til at tagge denne postø!
|
MARC
| LEADER | 00000nam^a2200000^a^4500 | ||
|---|---|---|---|
| 001 | 000181003 | ||
| 005 | 20250521000000.0 | ||
| 009 | 20260310101919.05 | ||
| 020 | |a 84-7278-313-8 | ||
| 037 | |a Acervo ITESO - Biblioteca | ||
| 041 | |a ESP | ||
| 082 | |a 371. 1022 |b GAL | ||
| 100 | |a Galindo Galindo, Antonio |e (autor) | ||
| 245 | 1 | 0 | |a Cómo sobrevivir en el aula : |b guía emocional para docentes / |c A. Galindo Galindo. |
| 264 | 4 | |a España : |b ICCE, |c 2005, c2005 | |
| 300 | |a 135 p. | ||
| 336 | |a texto |b txt |2 rdacontenido | ||
| 337 | |a sin mediación |b n |2 rdamedio | ||
| 338 | |a volumen |b nc |2 rdasoporte | ||
| 440 | 1 | |a (Estrategias Educativas) | |
| 520 | |a Este libro pretende dar respuesta a algunas de las inquietudes sobre la consistencia y límites de la profesión docente, partiendo del concepto de riesgo emocional. La alternativa que presenta el autor para la supervivencia en el aula, es la inteligencia emocional, el pleno ejercicio de la libre elección, porque los contextos donde no se respeta la identidad individual y la autonomía, precisamente son los causantes del malestar emocional de los profesores. | ||
| 649 | |a XX | ||
| 650 | |a Inteligencia Emocional | ||
| 650 | |a Emoción | ||
| 650 | |a Autoestima | ||
| 650 | |a Autoconcepto | ||
| 650 | |a Entrenamiento en Asertividad | ||
| 650 | |a Comunicación Educativa | ||
| 650 | |a Relaciones Maestro-Alumno | ||
| 650 | |a Relaciones Laborales | ||
| 650 | |a Práctica Educativa | ||
| 650 | |a Psicología Educativa | ||
| 650 | |a Educación | ||
| 910 | |a Fondo General | ||
| 920 | |a Impresos - Libros | ||
| 930 | |a Colección General | ||
| 905 | |a 101 | ||
| 901 | |a 0500120739 |b IT1 |c ACC |u 20250521 | ||
| 902 | |a https://opac.biblio.iteso.mx/vufind/Record/000181003 | ||